| 000 | 00341nam a22001337a 4500 | ||
|---|---|---|---|
| 008 | 170620b xxu||||| |||| 00| 0 eng d | ||
| 020 | _a9781566430630 | ||
| 041 | _aeng | ||
| 080 | _a321 | ||
| 100 | _a20 | ||
| 101 | _aSHP | ||
| 245 |
_aDEMOCRACY IN THE BALANCE CULTURE AND SOCIETY IN THE MIDDLE EAST _cKAMRAVA.M |
||
| 942 |
_2udc _cBK |
||
| 999 |
_c18361 _d18361 |
||